000 00766nam a2200253Ia 4500
003 OSt
005 20220918222010.0
006 a|||||r|||| 00| 0
007 ta
008 220917b |||||||| |||| 00| 0 eng d
024 _a214,237
037 _cTextual
040 _aARTS
_cARTS
_beng
041 _2eng
_aeng
082 _aQ7vL:(Y:1), N9
100 _aHovannisian Richard G. Ed.
_9141938
245 0 _aReligion and culture in medieval Islam
260 _aU.K.
_bCambridge university press
_c1999
300 _aviii, 119 p
_ccm.
490 _aGiorgio levi della vida conferences
700 _a Sabagh Georges Ed.
_9141939
942 _hQ7vL:(Y:1), N9
_cTEXL
_2CC
999 _c274262
_d274262